000 002810000a22000970004500
100 1 _aGribben, Crawford
245 1 0 _aThe eschatology of the puritan confessions
300 _aVol. 20, Num. 1 (2002), Páginas 51-78
773 0 _tScottish Bulletin of Evangelical Theology
942 _cANA
999 _c55772
_d55772